[Event "32nd Pula Open 2018"]
[Site "Pula"]
[Date "2018.06.28"]
[Round "7"]
[White "Zelcic, Robert"]
[Black "Haria, Ravi"]
[Result "1/2-1/2"]
[WhiteElo "2499"]
[BlackElo "2440"]
[Annotator "TA"]
[PlyCount "117"]
[EventDate "2018.??.??"]
[EventCountry "CRO"]
[SourceTitle "playchess.com"]
[Source "ChessBase"]
[SourceQuality "1"]

{[%evp 23,117,8,36,0,22,20,29,16,32,26,52,0,47,43,53,54,83,48,58,48,57,23,28,23,14,16,25,21,28,0,17,0,81,73,85,75,88,79,81,78,82,75,82,88,97,82,82,81,77,54,72,58,104,62,62,62,68,50,59,0,70,49,56,48,83,83,163,164,182,64,72,56,107,104,90,0,40,0,0,0,0,0,0,0,0,0,0,0,0,0,0,0,0,0,0,0]} 1. e4 e6 2. d4 d5 3. Nc3 Bb4 4. e5 Ne7 5. a3 Bxc3+ 6. bxc3 c5 7. Qg4 Qc7 8. Qxg7 Rg8 9. Qxh7 cxd4 10. Qd3 {C18: French: 3 Nc3 Bb4: Main line: 7 h4 and 7 Qg4} (10. Ne2 Nbc6 11. f4 dxc3 12. Nxc3 Nd4 13. Bb2 Bd7 14. O-O-O Qb6 15. Qd3 Ndf5 16. Rd2 Rc8 17. g3 Ne3 18. Ne4 Rxc2+ 19. Rxc2 dxe4 20. Qxe4 Nxc2 21. Qxc2 {½-½ (31) Giri,A (2752)-Carlsen,M (2834) Wijk aan Zee 2018}) 10... dxc3 11. Ne2 Nbc6 12. Qxc3 Bd7 {LiveBook: 3 Games} 13. Bb2 Nf5 14. O-O-O Qb6 $146 ({Predecessor:} 14... Rc8 15. Qd3 Na5 16. Nd4 Nxd4 17. Bxd4 Nb3+ {0-1 (17) Skvorc,E (1746)-Petrusic,T (2164) Sv Filip i Jakov 2011}) 15. Qf3 Rc8 16. g4 Nh4 17. Qg3 (17. Qf6 $14 Ng6 18. Rd2) 17... Nf5 {[%cal Bh4f5,Bf5e7,Be7g6,Bg6e5][%mdl 32]} 18. Qf4 Nfe7 19. Nd4 Ng6 20. Qe3 Ngxe5 ({Don't play} 20... Ncxe5 21. Be2 $11) 21. h3 Nxd4 22. Rxd4 Qc5 {[%csl Gc8][%cal Rc5c2]} 23. Rd2 Qxe3 24. fxe3 f6 25. Bxe5 fxe5 26. Be2 Ke7 27. h4 e4 (27... Rc3 $11 {keeps the balance.}) 28. Kb2 $1 $16 Rcf8 29. Bd1 Rg7 30. g5 Be8 31. Rg2 Rfg8 32. Kb3 Kd6 33. c4 Ke5 34. Bg4 Rh8 35. Be2 ({Much worse is} 35. cxd5 $6 exd5 36. Rgg1 Bb5 $14) 35... Rhg8 36. Rf2 Rh8 {...Rxg5 is the strong threat.} 37. Rfh2 $1 Bf7 38. Kb4 Be8 39. Rg1 Rhg8 40. Rc1 Rh8 41. Rg1 Rhg8 $1 42. cxd5 exd5 43. Rc1 Bc6 44. a4 Rh8 {[#]} (44... a5+ $16 {keeps fighting.} 45. Kxa5 Ra8+ 46. Kb4 Rxa4+ 47. Kb3 Ra8) 45. Rg1 $1 $18 Rhg8 {[#]} 46. Bb5 (46. Rhg2 $1 $18) 46... Bxb5 $1 $14 47. axb5 {[%mdl 4096] Endgame KRR-KRR} d4 (47... a6 $14) 48. exd4+ $16 Kxd4 49. Rh3 ({White should try} 49. Re2 $16) 49... a6 50. Rd1+ Ke5 {The position is equal.} 51. Re1 {Strongly threatening Rhe3.} Rh8 52. Rhh1 axb5 53. Rc1 Rgh7 54. Rc5+ Kd4 55. Rd1+ Ke3 56. Re1+ Kd4 57. Rd1+ Ke3 58. Re1+ Kd4 59. Rd1+ {Precision: White = 55%, Black = 50%.} 1/2-1/2

[Event "32nd Pula Open 2018"]
[Site "Pula"]
[Date "2018.06.28"]
[Round "7"]
[White "Plenca, Jadranko"]
[Black "Horton, Andrew P"]
[Result "1-0"]
[WhiteElo "2482"]
[BlackElo "2407"]
[Annotator "TA"]
[PlyCount "89"]
[EventDate "2018.??.??"]
[EventCountry "CRO"]
[SourceTitle "playchess.com"]
[Source "ChessBase"]
[SourceQuality "1"]

{[%evp 18,89,21,18,21,26,16,10,18,9,22,14,14,13,14,14,14,10,17,10,10,10,10,10,11,12,18,18,20,10,22,7,9,11,0,7,5,4,15,14,33,24,89,80,145,70,72,83,110,59,143,143,151,147,389,161,132,115,188,76,615,604,602,578,767,759,763,600,705,725,1076,1058,1016,1013]} 1. e4 e5 2. Nf3 Nc6 3. Bb5 a6 4. Ba4 Nf6 5. d3 d6 6. c4 g6 7. Nc3 Bg7 8. Nd5 {C77: Ruy Lopez: 3...a6 4 Ba4 Nf6, unusual lines} h6 9. Nb4 Bd7 10. Nxc6 {LiveBook: 3 Games. The position is equal.} Bxc6 $146 ({Predecessor:} 10... bxc6 11. c5 O-O 12. O-O Qe7 13. Re1 dxc5 14. Qc2 Rfd8 15. Be3 Bf8 {1-0 (41) Tiviakov,S (2584)-Matta,V (2269) New Delhi 2018}) 11. Bxc6+ bxc6 12. b4 O-O 13. O-O Re8 14. Bd2 Nh7 15. Qc2 Qd7 16. Rab1 Nf8 17. a4 Rab8 18. Rb2 Ne6 19. Rfb1 Rb7 20. h3 Reb8 21. Bc3 Qe8 22. Nd2 {[%cal Bf3d2,Bd2b3,Bb3a5,Ba5c4][%mdl 32]} Ra8 23. Nb3 Rbb8 24. Na5 Qd7 25. b5 cxb5 26. axb5 axb5 27. cxb5 {[%cal Bc4b5,Bb5b6][%mdl 32]} Kh7 28. Nc4 Bf8 29. b6 Rb7 (29... Ra6 $11 {keeps the balance.}) 30. Ba5 $16 {[%cal Bc3a5,Ba5d2,Bd2e3][%mdl 32] bxc7 is the strong threat.} Nd4 ({Better is} 30... Qc6) 31. Qd1 (31. bxc7 $16 Rxc7 32. Qd2 Rxc4 33. dxc4) 31... c6 $14 {White must now prevent ...d5.} 32. Bd2 Nb5 33. Qe1 ({White should play} 33. Ra1 $16 Rab8 34. Be3) 33... Bg7 ({Black should try} 33... f5 $14) 34. Be3 $1 $16 Rbb8 {[#]} 35. Na5 $1 Na3 $2 (35... Nd4 $16 36. Qb4 c5) 36. Ra1 (36. b7 $142 Ra6 37. Rb6 Rxa5 38. Qxa5 Nxb1 39. Qa7) 36... Nb5 $18 37. Qb4 $36 {[%mdl 2048] And now Rc1 would win. White has strong initiative.} Ra6 (37... Nd4 $16 {is a better defense.} 38. b7 Ra6) 38. Rc1 (38. Qc4 $18) 38... Na7 $2 {[%mdl 8192] [#]} (38... Nd4 $16) 39. Nxc6 $1 {White is clearly winning.} Nxc6 40. Qb5 Rbxb6 41. Bxb6 Nb8 42. Rc7 Ra1+ 43. Kh2 Qe6 44. Be3 Na6 45. Ra7 {Precision: White = 64%, Black = 34%.} 1-0

[Event "32nd Pula Open 2018"]
[Site "Pula"]
[Date "2018.06.28"]
[Round "7"]
[White "Tratar, Marko"]
[Black "Popovic, Milan S"]
[Result "1/2-1/2"]
[WhiteElo "2449"]
[BlackElo "2264"]
[Annotator "TA"]
[PlyCount "66"]
[EventDate "2018.??.??"]
[EventCountry "CRO"]
[SourceTitle "playchess.com"]
[Source "ChessBase"]
[SourceQuality "1"]

{[%evp 16,66,50,11,51,29,22,23,33,29,95,73,81,72,87,70,84,82,80,77,85,84,91,87,75,37,67,59,68,60,77,90,71,62,121,95,102,62,91,74,79,50,48,27,52,27,29,39,36,0,0,0,27]} 1. c4 e5 2. g3 Nc6 3. Nc3 Bc5 4. Bg2 a6 5. e3 d6 6. Nge2 {A25: English Opening vs King's Indian with ...Nc6 but without early d3} Ba7 7. b3 Nge7 8. Bb2 h5 9. h4 {LiveBook: 3 Games} Bf5 10. d3 {[%cal Bd2d3,Bd3d4,Bd4d5][%mdl 32]} Qd7 11. Qd2 Rb8 12. Nd5 $146 ({Predecessor:} 12. Ne4) 12... Nd8 (12... O-O $11 {keeps the balance.}) 13. d4 f6 14. e4 {[#] And now Nxe7 would win.} Bg4 15. f3 Be6 16. Ne3 O-O 17. d5 Bf7 18. Bh3 Qe8 19. Rc1 Bg6 20. Qd3 Qf7 21. g4 Bh7 22. Nf5 hxg4 23. fxg4 Nxf5 24. gxf5 Qh5 (24... b5 $14) 25. Qg3 Kh8 26. Rc3 Qe8 27. Bc1 Nf7 28. Bg4 Nh6 29. Bf3 Rg8 30. Rh2 c6 31. Rg2 Rc8 32. dxc6 bxc6 33. Qh3 d5 {Precision: White = 61%, Black = 50%.} 1/2-1/2

[Event "32nd Pula Open 2018"]
[Site "Pula"]
[Date "2018.06.28"]
[Round "7"]
[White "Fercec, Nenad"]
[Black "Uwira, Oliver"]
[Result "1-0"]
[WhiteElo "2436"]
[BlackElo "2224"]
[Annotator "TA RC"]
[PlyCount "81"]
[EventDate "2018.??.??"]
[EventCountry "CRO"]
[SourceTitle "playchess.com"]
[Source "ChessBase"]
[SourceQuality "1"]

{[%evp 31,81,85,85,37,29,45,32,28,28,32,124,115,119,119,99,115,114,121,114,93,179,179,187,179,235,256,312,302,370,354,381,346,382,329,660,655,665,636,618,639,666,656,663,662,661,645,696,648,920,903,893,882]} 1. e4 c5 2. Nf3 Nc6 3. d4 cxd4 4. Nxd4 Nf6 5. Nc3 e5 6. Ndb5 {[%cal Bd4b5,Bb5a3,Ba3c2][%mdl 32]} d6 7. Bg5 a6 8. Na3 b5 9. Nd5 Be7 10. Bxf6 Bxf6 11. c4 b4 12. Nc2 a5 13. Qf3 {B33: Sicilian: Pelikan and Sveshnikov Variations} (13. g3 O-O 14. Bg2 g6 15. O-O Bg7 16. b3 Rb8 17. Qd2 Be6 18. Rad1 Rb7 19. Kh1 a4 20. f4 axb3 21. axb3 {1-0 (58) Kravtsiv,M (2672)-Vidit,S (2715) Riadh 2017}) 13... Bg5 14. h4 Bh6 15. g4 {[%cal Bg2g4,Bg4g5][%mdl 32]} Bf4 16. Rd1 O-O {LiveBook: 4 Games} 17. Nxf4 {[#] Nd5 is the strong threat.} Qf6 18. g5 Qxf4 19. Qxf4 exf4 20. f3 a4 $146 ({Better is} 20... Rd8 $14) ({Predecessor:} 20... Ne5) 21. Rxd6 $16 Ne5 22. Be2 b3 23. axb3 axb3 24. Na3 Be6 25. Kd2 Nd7 (25... Rfb8 $16) 26. Kc3 $18 Nc5 27. Nb5 Rfb8 (27... Rfc8 {might work better.} 28. Kd4 Na4) 28. Rb1 g6 29. Rc6 Na4+ 30. Kb4 Nb6 31. Rd1 Ra4+ 32. Kxb3 Bxc4+ $2 {[#]} (32... Ra5) 33. Rxc4 {White is clearly winning.} ({Not} 33. Bxc4 Nxc4 34. Rxc4 (34. Kxa4 Nxb2+ 35. Ka5 Nxd1 $16) 34... Ra5 $18) 33... Nxc4 34. Bxc4 ({Less strong is} 34. Kxa4 Nxb2+ 35. Kb4 Nxd1 $16) 34... Ra7 35. Rd6 Rab7 36. Kb4 Kg7 37. Rf6 h6 38. Rxf4 hxg5 39. hxg5 Re8 40. Bd5 Rbe7 41. Rf6 {Precision: White = 98%, Black = 23%.} 1-0

[Event "32nd Pula Open 2018"]
[Site "Pula"]
[Date "2018.06.28"]
[Round "7"]
[White "McPhillips, Joseph"]
[Black "Fernandez, Daniel Howard"]
[Result "1/2-1/2"]
[WhiteElo "2399"]
[BlackElo "2485"]
[Annotator "TA"]
[PlyCount "55"]
[EventDate "2018.??.??"]
[EventCountry "CRO"]
[SourceTitle "playchess.com"]
[Source "ChessBase"]
[SourceQuality "1"]

{[%evp 14,55,15,2,16,7,10,10,7,10,13,15,13,-3,0,-22,0,0,9,0,0,0,0,0,23,19,35,0,0,0,0,0,0,0,0,0,8,0,0,0,0,0,0,0]} 1. e4 e5 2. Nf3 Nf6 3. Nxe5 d6 4. Nf3 Nxe4 5. c4 Nc6 6. Nc3 Nxc3 7. dxc3 Be7 8. Bd3 {LiveBook: 24 Games} Ne5 {C42: Petroff Defence: 3 Nxe5 and unusual White 3rd moves} (8... Bg4 9. Be4 Qd7 10. O-O O-O 11. Qc2 Kh8 12. Nd4 Nxd4 13. cxd4 c6 14. h3 Bh5 15. d5 Bg6 16. dxc6 bxc6 17. Bxg6 fxg6 {1-0 (60) Malakhov,V (2689)-Zhao,Y (2383) China 2018}) 9. Nxe5 dxe5 10. Qc2 Be6 11. O-O c6 12. Re1 $146 ({Predecessor:} 12. a4 Qc7 13. f4 exf4 14. Bxf4 Bd6 15. Bxd6 Qxd6 16. b4 {½-½ (33) Tomizawa,T (2484)-Morley,P (2362) ICCF email 2016}) 12... Qc7 13. Be3 g6 14. Bh6 {Black should prevent Bg7.} Bf8 15. Bxf8 Kxf8 16. Qe2 Rd8 17. Qe3 Kg7 18. Bf1 b6 19. c5 Rhe8 20. cxb6 axb6 {The position is equal.} 21. Qxe5+ Qxe5 22. Rxe5 Rd2 23. b4 Rc2 24. a4 Rxc3 25. a5 Rb3 26. b5 ({Reject} 26. axb6 Rxb4 27. Ra7 Rxb6 $17) 26... bxa5 27. bxc6 Rc3 28. Rexa5 {Precision: White = 81%, Black = 78%.} 1/2-1/2

[Event "32nd Pula Open 2018"]
[Site "Pula"]
[Date "2018.06.28"]
[Round "7"]
[White "Franic, Milan"]
[Black "Petran, Peter"]
[Result "1-0"]
[WhiteElo "2379"]
[BlackElo "2302"]
[Annotator "ChessBase"]
[PlyCount "79"]
[EventDate "2018.??.??"]
[EventCountry "CRO"]
[SourceTitle "playchess.com"]
[Source "ChessBase"]
[SourceQuality "1"]
[TimeControl "5400+30"]

1. d4 g6 2. c4 Bg7 3. Nc3 d6 4. e4 e5 5. d5 f5 6. exf5 gxf5 7. Qh5+ Kf8 8. g3 Nf6 9. Qe2 c5 10. Nf3 Na6 11. Bh3 Bd7 12. O-O f4 13. Bxd7 Qxd7 14. Ng5 Nc7 15. gxf4 Re8 16. Qf3 e4 17. Ngxe4 Nxe4 18. Nxe4 b5 19. f5 Rg8 20. Kh1 Rxe4 21. Qxe4 bxc4 22. Rg1 Qf7 23. Bf4 Qxd5 24. Qxd5 Nxd5 25. Bxd6+ Kf7 26. Rad1 Nb4 27. Bxc5 Nd3 28. f6 Bxf6 29. Rxg8 Kxg8 30. Bxa7 Bxb2 31. a4 Kf7 32. Be3 Bc3 33. Kg2 Ke6 34. Rb1 Bb4 35. Kf3 c3 36. Rd1 Nb2 37. Rd4 Bc5 38. Re4+ Kd5 39. Bxc5 Kxc5 40. Ke2 1-0

[Event "32nd Pula Open 2018"]
[Site "Pula"]
[Date "2018.06.28"]
[Round "7"]
[White "Ostovic, Matija"]
[Black "Gumularz, Szymon"]
[Result "1/2-1/2"]
[WhiteElo "2352"]
[BlackElo "2452"]
[Annotator "TA"]
[PlyCount "42"]
[EventDate "2018.??.??"]
[EventCountry "CRO"]
[SourceTitle "playchess.com"]
[Source "ChessBase"]
[SourceQuality "1"]

{[%evp 22,42,31,31,32,29,29,2,8,1,10,17,4,8,47,35,37,47,43,16,105,3,0]} 1. Nf3 Nf6 2. c4 g6 3. d4 Bg7 4. g3 O-O 5. Bg2 d6 6. O-O Nc6 7. d5 Na5 8. Nbd2 c5 9. e4 a6 10. Rb1 b5 11. b3 {E60: King's Indian: Unusual lines and Fianchetto Variation without Nc3} Rb8 (11... e5 12. Ne1 Rb8 13. Qc2 Ng4 14. h3 Nh6 15. Nd3 bxc4 16. bxc4 Rxb1 17. Nxb1 f5 18. Nd2 fxe4 19. Nxe4 {½-½ (83) Kurajica,B (2565)-Van der Wiel,J (2555) Moscow 1994}) 12. Qc2 {LiveBook: 5 Games} Bd7 13. Bb2 {White is slightly better.} e5 14. dxe6 Bxe6 15. cxb5 axb5 16. Rbd1 Qb6 17. e5 $146 ({Predecessor:} 17. Nb1 Rfd8 18. e5 Bf5 {½-½ (46) Moravec,M-Folk,P Czechoslovakia 1991}) 17... Bf5 18. Qc1 dxe5 19. Nxe5 Rbd8 20. Ndf3 Be4 {[#]} (20... Ng4 $11 {remains equal.}) 21. Qf4 ({White should try} 21. Rxd8 $1 $16 Rxd8 {[#]} 22. Nxf7 $1 {[%mdl 512]} Bxf3 23. Nxd8 Bxg2 24. Kxg2 Qxd8 25. Qxc5) 21... Bb7 {Precision: White = 63%, Black = 64%.} 1/2-1/2

[Event "32nd Pula Open 2018"]
[Site "Pula"]
[Date "2018.06.28"]
[Round "7"]
[White "Krsnik Cohar, Ivan Vihor"]
[Black "Filipovic, Branko"]
[Result "1/2-1/2"]
[WhiteElo "2309"]
[BlackElo "2378"]
[Annotator "ChessBase"]
[PlyCount "242"]
[EventDate "2018.??.??"]
[EventCountry "CRO"]
[SourceTitle "playchess.com"]
[Source "ChessBase"]
[SourceQuality "1"]
[TimeControl "5400+30"]

1. c4 a6 2. Nc3 e6 3. d4 d5 4. g3 Nf6 5. Bg2 c6 6. e4 dxe4 7. Nge2 Nbd7 8. O-O Be7 9. Nxe4 Nxe4 10. Bxe4 Nf6 11. Bg2 O-O 12. b3 Qa5 13. Bb2 Rd8 14. Qc2 Ba3 15. Rad1 Bxb2 16. Qxb2 Bd7 17. Nf4 Qc7 18. Rfe1 Re8 19. Nd3 Rad8 20. Ne5 Bc8 21. c5 Re7 22. b4 Nd5 23. Nc4 Qb8 24. a4 Nc7 25. f4 Ne8 26. b5 axb5 27. axb5 cxb5 28. Qxb5 Qc7 29. Qb6 Red7 30. d5 exd5 31. Rxd5 Qxb6 32. Nxb6 Rxd5 33. Bxd5 Nc7 34. Nxc8 Nxd5 35. Nd6 b6 36. Re5 Nf6 37. cxb6 Rxd6 38. b7 Rb6 39. Rc5 g5 40. Rc8+ Kg7 41. b8=Q Rxb8 42. Rxb8 gxf4 43. gxf4 Nd5 44. f5 Ne7 45. Rb5 Kf6 46. Rb6+ Kg5 47. f6 Ng8 48. Kg2 Nxf6 49. h4+ Kf5 50. Kf3 Ng4 51. Kg3 h6 52. Rb7 f6 53. Rg7 h5 54. Rh7 Kg6 55. Rh8 Nh6 56. Ra8 Nf5+ 57. Kh3 Nh6 58. Ra4 Ng4 59. Kg3 Kf5 60. Ra5+ Ne5 61. Ra8 Nf7 62. Ra7 Kg6 63. Kf4 Ne5 64. Ra3 Ng4 65. Rg3 Kf7 66. Kf5 Nh6+ 67. Ke4 Ng8 68. Ra3 Nh6 69. Ra5 Kg6 70. Rb5 Ng4 71. Kf4 Ne5 72. Ke4 Ng4 73. Rb8 Nh6 74. Rb2 Ng4 75. Rg2 Kf7 76. Rg3 Nh6 77. Rb3 Kg6 78. Rb5 Ng4 79. Kd5 Ne3+ 80. Ke6 Ng2 81. Rb4 Kg7 82. Ra4 Kg6 83. Re4 f5 84. Ra4 f4 85. Ke5 f3 86. Ra6+ Kg7 87. Ra2 Nxh4 88. Kf4 Ng6+ 89. Kg5 Ne5 90. Ra7+ Kg8 91. Kxh5 f2 92. Ra1 Kf7 93. Rf1 Nd3 94. Kg4 Ke6 95. Kf3 Kd5 96. Ke3 Ne5 97. Kxf2 Ke4 98. Rh1 Kf4 99. Rh4+ Ng4+ 100. Kg2 Kg5 101. Kg3 Nh6 102. Ra4 Nf5+ 103. Kf3 Nh4+ 104. Ke4 Kg4 105. Ra8 Kg5 106. Rh8 Ng6 107. Rh1 Kf6 108. Rh5 Ne7 109. Rh6+ Ng6 110. Rh2 Ne7 111. Rf2+ Ke6 112. Ra2 Kd6 113. Rd2+ Ke6 114. Rd8 Nc6 115. Rh8 Kd6 116. Rh5 Ne7 117. Rh6+ Kd7 118. Ra6 Nc6 119. Rb6 Kd6 120. Rb1 Ke6 121. Rd1 Ne7 1/2-1/2

[Event "32nd Pula Open 2018"]
[Site "Pula"]
[Date "2018.06.28"]
[Round "7"]
[White "Karsay, Pascal"]
[Black "Loncar, Robert"]
[Result "1/2-1/2"]
[WhiteElo "2227"]
[BlackElo "2423"]
[Annotator "TA"]
[PlyCount "81"]
[EventDate "2018.??.??"]
[EventCountry "CRO"]
[SourceTitle "playchess.com"]
[Source "ChessBase"]
[SourceQuality "1"]

{[%evp 18,81,0,0,0,-5,-11,-16,-11,-17,0,-54,-34,-52,-45,-75,-43,-35,-35,-35,-35,-41,-45,-38,-29,-43,-47,-52,-46,-69,-67,-82,0,-254,-254,-249,-238,-328,-343,-357,-316,-726,-737,-731,-727,-734,-700,-747,-294,-521,-270,-295,0,0,0,0,0,0,0,0,0,0,11,0,0,0]} 1. Nf3 d5 2. g3 g6 3. Bg2 Bg7 4. d4 Nd7 5. O-O Ngf6 6. c4 {D02: 1 d4 d5 2 Nf3 sidelines, including 2...Nf6 3 g3 and 2...Nf6 3 Bf4} (6. a4 a5 7. Bf4 O-O 8. c3 b6 9. Re1 Bb7 10. Na3 Ne4 11. Nd2 e5 12. dxe5 Nxe5 13. Nxe4 dxe4 {½-½ (36) Vachier Lagrave,M (2789)-Carlsen,M (2843) Stavanger 2018}) 6... dxc4 7. Nbd2 Nb6 8. Nxc4 Nxc4 9. Qa4+ c6 10. Qxc4 {LiveBook: 8 Games} Be6 {[%cal Bc8e6,Be6d5,Bd5e4,Be4f5,Bf5g4][%mdl 32]} 11. Qb4 Qb6 12. Qa3 Bd5 $146 ({Predecessor:} 12... O-O 13. Bg5 Rfe8 14. Bxf6 Bxf6 15. e3 Bd5 16. Nd2 {½-½ (16) Schleining,Z (2377)-Klek,H (2362) Haarlem 2017}) 13. Re1 Be4 14. Bf1 (14. e3 $11) 14... O-O (14... Bxf3 $5 15. exf3 O-O $15) 15. Ng5 Qxd4 16. Be3 {[%cal Bc1e3,Be3d4,Bd4e5][%mdl 32]} Qd7 17. Rad1 Qc7 18. Bd4 {And now Bxf6 would win.} Bf5 19. e4 Bg4 20. f3 Bc8 $1 21. f4 Bg4 22. Be5 Qc8 $1 23. Qxe7 Bxd1 24. Rxd1 h6 (24... Qg4 $1 $17 {[%cal Rg4d1]} 25. Rd3 h6) 25. Nxf7 $2 {[%mdl 8192]} (25. Bxf6 $11 {and White stays safe.} hxg5 26. Bc4 (26. Bxg5 Re8 $17) (26. Bxg7 Kxg7 27. Qxg5 Rd8 $17) 26... gxf4 27. Rd7) 25... Rxf7 $19 26. Bc4 Nd5 $1 27. Qd6 Qg4 $1 {[%cal Rg4d1]} ({Less strong is} 27... Bxe5 28. Qxe5 Qg4 29. Rd4 $11) 28. Rxd5 Bf8 29. Qd7 $2 {[#]} (29. Be2 Qxe2 30. Qxg6+ Bg7 31. Bxg7 $3 {[%mdl 512]} Qe3+ 32. Kf1 Rxg7 33. Qe6+ Kh7 34. Qf5+ Kh8 35. Rd6) 29... Bc5+ $1 {[%mdl 512]} 30. Kg2 (30. Rxc5 Qxd7) 30... Rxd7 31. Rxd7+ Kf8 32. Rh7 Qd1 $2 (32... b5 33. Rh8+ Ke7 34. Rh7+ Ke8 35. Rh8+ Bf8) 33. Rh8+ Ke7 34. Rh7+ {[#]} Ke8 $2 ({Black should play} 34... Kd8 $1 $19 {Strongly threatening ...Qc2+.} 35. Bf6+ Kc8) 35. Bf7+ $11 {The position is equal.} Kf8 36. Bxg6 {aiming for Bf6.} Qe2+ 37. Kh3 {Bg7+ is the strong threat.} Qc4 38. Rh8+ Ke7 $1 39. Rh7+ Kf8 40. Rh8+ Ke7 $1 41. Rh7+ {Precision: White = 36%, Black = 74%.} 1/2-1/2

[Event "32nd Pula Open 2018"]
[Site "Pula"]
[Date "2018.06.28"]
[Round "7"]
[White "Mayr, Thomas"]
[Black "Saric, Ante"]
[Result "0-1"]
[WhiteElo "2218"]
[BlackElo "2543"]
[Annotator "TA"]
[PlyCount "76"]
[EventDate "2018.??.??"]
[EventCountry "CRO"]
[SourceTitle "playchess.com"]
[Source "ChessBase"]
[SourceQuality "1"]

{[%evp 18,76,40,37,39,27,24,31,91,102,104,37,40,33,24,0,-1,-9,0,-14,-18,-13,-17,-18,0,-20,-23,-34,-34,-34,-30,-27,-26,-29,-18,-19,-28,-21,-16,-71,-2,-16,0,0,0,0,0,0,0,-60,-62,-81,-52,-644,-641,-626,-618,-633,-626,-626,-620]} 1. e4 c5 2. Ne2 Nc6 3. c4 Nf6 4. Nbc3 e6 5. d4 cxd4 6. Nxd4 Bb4 7. Nxc6 bxc6 8. Bd3 e5 9. O-O d6 {B44: Sicilian: Taimanov: 5 Nb5} (9... O-O 10. Be3 d5 11. exd5 Bxc3 12. bxc3 cxd5 13. Bg5 dxc4 14. Bxc4 Qc7 15. Bxf6 Qxc4 16. Bxe5 Bf5 17. Bd4 Rfe8 18. Qc1 {½-½ (31) Nakamura,H (2781)-So,W (2788) London 2017}) 10. Na4 {LiveBook: 5 Games} Be6 11. f4 exf4 {White has an edge.} 12. Bxf4 Ng4 (12... O-O $14) 13. Be2 $1 $16 {[%cal Re2g4]} Ne5 {[#]} 14. a3 (14. c5 $1 $16 {[%mdl 512] Hoping for Qd4.} f6 (14... Bxc5+ 15. Nxc5) 15. Qc2) 14... Ba5 $14 15. c5 Bc7 16. Qc2 $146 {Threatens to win with cxd6.} ({Predecessor:} 16. Qd4 f6 17. cxd6 Qxd6 18. Qxd6 Bxd6 {0-1 (51) Roganovic,M (2484)-Vratonjic,S (2417) Kragujevac 2016}) 16... O-O 17. cxd6 Bxd6 18. Bg3 Qe7 19. Qc3 f6 20. Rac1 Rab8 21. b4 {[#]} a5 $1 {[%mdl 512]} 22. Nc5 (22. bxa5 Rb3) 22... axb4 23. axb4 Bf7 24. Rfd1 Rfd8 25. Rd4 h6 26. Rcd1 Kh7 27. h3 Bg6 28. Bg4 {[#]} (28. Kh1 $11) 28... Bxc5 ({Black should try} 28... Rxb4 $3 $17 {[%mdl 512]} 29. Rxd6 (29. Qxb4 Bxc5) 29... Rc4 30. Qxc4 Nxc4 31. Rxd8 Qxc5+ 32. Bf2 Qg5) 29. bxc5 $11 {Black should prevent Rxd8.} Rxd4 30. Qxd4 Rb3 31. Bxe5 $1 fxe5 32. Qc4 Rb5 33. Rd6 (33. Kh2 $11) 33... Qg5 $15 {...Qe3+ is the strong threat.} 34. Qd3 Rxc5 {And now ...Rc1+ would win.} 35. Rxg6 $2 {[%mdl 8192]} (35. Qf3 $15) 35... Rc1+ $19 {Black is clearly winning.} (35... Qxg6 $2 {perishes.} 36. Bf5 $18) 36. Kf2 Qf4+ ({Worse is} 36... Kxg6 37. Bf5+ Kf7 38. Qd7+ Kf8 39. Qc8+ Kf7 40. Qe6+ Kf8 41. Qc8+ Kf7 42. Qe6+ Kf8 43. Qc8+ $11) 37. Bf3 {Strongly threatening Rg4.} Kxg6 38. Ke2 Kh7 {Precision: White = 45%, Black = 64%.} 0-1

[Event "32nd Pula Open 2018"]
[Site "Pula"]
[Date "2018.06.29"]
[Round "8"]
[White "Saric, Ante"]
[Black "Franic, Milan"]
[Result "1/2-1/2"]
[WhiteElo "2543"]
[BlackElo "2379"]
[Annotator "ChessBase"]
[PlyCount "112"]
[EventDate "2018.??.??"]
[EventCountry "CRO"]
[SourceTitle "playchess.com"]
[Source "ChessBase"]
[SourceQuality "1"]
[TimeControl "5400+30"]

1. Nf3 b6 2. g3 Bb7 3. Bg2 g6 4. d4 Bg7 5. c4 f5 6. Nc3 Nf6 7. d5 O-O 8. O-O c6 9. Nd4 c5 10. Nc2 d6 11. e4 fxe4 12. Re1 Nbd7 13. Nxe4 Nxe4 14. Rxe4 Nf6 15. Re2 Bc8 16. b3 Bg4 17. f3 Bd7 18. a4 a6 19. Bb2 Rf7 20. Na3 Qf8 21. Qd2 Rb8 22. Rae1 Rb7 23. f4 Ne8 24. Re4 Bxb2 25. Qxb2 Ng7 26. Qc3 Nf5 27. Bh3 Bc8 28. Nc2 Qh6 29. Bf1 Qg7 30. Qd3 h5 31. Bg2 Bd7 32. Re6 Rb8 33. R6e2 b5 34. axb5 axb5 35. Be4 bxc4 36. bxc4 Kh7 37. Rf2 Qf6 38. Qf3 Kg7 39. Bxf5 Bxf5 40. Ne3 Bc8 41. Qd1 Qc3 42. Qa1 Qxa1 43. Rxa1 Rb3 44. Re2 Bh3 45. Ree1 Kf6 46. Rab1 Rc3 47. Rbc1 Rxc1 48. Rxc1 Rf8 49. Ra1 Rb8 50. Ra2 Rb3 51. Kf2 Rc3 52. Ke2 Bf5 53. Kd2 Rd3+ 54. Ke2 Rd4 55. Rd2 Rxd2+ 56. Kxd2 Be4 1/2-1/2

[Event "32nd Pula Open 2018"]
[Site "Pula"]
[Date "2018.06.29"]
[Round "8"]
[White "Fernandez, Daniel Howard"]
[Black "Beletic, Daniel"]
[Result "1-0"]
[WhiteElo "2485"]
[BlackElo "2370"]
[Annotator "ChessBase"]
[PlyCount "113"]
[EventDate "2018.??.??"]
[EventCountry "CRO"]
[SourceTitle "playchess.com"]
[Source "ChessBase"]
[SourceQuality "1"]
[TimeControl "5400+30"]

1. f4 b6 2. a4 a6 3. b3 Bb7 4. Bb2 Nf6 5. Nf3 c5 6. e3 e6 7. Be2 d6 8. O-O Nbd7 9. c4 Qc7 10. Nc3 h6 11. d4 g5 12. d5 Rg8 13. a5 bxa5 14. f5 e5 15. Nd2 g4 16. Nde4 h5 17. Ra3 Bh6 18. Qd3 Rb8 19. Rfa1 Bc8 20. Nxf6+ Nxf6 21. Bd1 Qe7 22. e4 h4 23. Rxa5 Nh5 24. g3 hxg3 25. hxg3 Qg5 26. R5a2 Qe3+ 27. Qxe3 Bxe3+ 28. Kg2 Nf6 29. Bc2 Rh8 30. Rh1 Rxh1 31. Kxh1 Bd4 32. Nd1 Kf8 33. Bc1 Kg7 34. Kg2 Bb7 35. Nf2 Rh8 36. Bd3 Bxf2 37. Rxf2 Rh3 38. Re2 Nh5 39. Re3 Nf6 40. Bd2 Rh8 41. Ba5 Rc8 42. Re1 Rh8 43. Bc2 Kf8 44. Bd8 Rh6 45. Bd1 Kg7 46. Bc7 Ne8 47. Bb8 Kf6 48. Bxg4 Ke7 49. Bf3 Kd7 50. Rb1 a5 51. Ra1 Kc8 52. Ba7 Kc7 53. Rxa5 Nf6 54. b4 cxb4 55. c5 dxc5 56. Rxc5+ Kd7 57. Bb8 1-0